O gigante (Record no. 47490)
[ view plain ]
| 000 -LÍDER | |
|---|---|
| campo de controle de tamanho fixo | 00309 a2200145 4500 |
| 001 - NÚMERO DE CONTROLE | |
| campo de controle | 47490 |
| 020 ## - ISBN - INTERNATIONAL STANDARD BOOK NUMBER | |
| ISBN - International Standard Book Number | 9788574066806 |
| 040 ## - FONTE DA CATALOGAÇÃO | |
| Instituição que transcreveu o registro | Anchieta - Aquarius |
| 100 ## - ENTRADA PRINCIPAL--NOME PESSOAL | |
| Nome pessoal | Mundy, Angelo |
| 240 10 - TÍTULO UNIFORME | |
| Título uniforme | O gigante |
| Idioma da obra | por |
| 245 10 - TÍTULO | |
| Título | O gigante |
| 300 ## - DESCRIÇÃO FÍSICA | |
| Extensão | 32p. |
| 650 #4 - ASSUNTO--TERMO TÓPICO | |
| Cabeçalho tópico ou nome geográfico | Literatura infanto-juvenil |
| 942 ## - ELEMENTOS DE ENTRADA ADICIONADOS (KOHA) | |
| Tipo de material Koha | Livros |
| Situação do descarte | Situação das perdas | Situação física | Não pode ser emprestado | Biblioteca de origem | Biblioteca atual | Data de aquisição | Total de empréstimos | Número de chamada completo | Código de barras | Data de último acesso | Data do preço efetivo | Tipo de material Koha |
|---|---|---|---|---|---|---|---|---|---|---|---|---|
| Colégio Anchieta - Aquarius | Colégio Anchieta - Aquarius | 21/11/2023 | 028.5 GIG | 6216/AQU | 21/11/2023 | 21/11/2023 | Livros | |||||
| Leonardo Da Vinci - Alphaville 2 | Leonardo Da Vinci - Alphaville 2 | 27/03/2024 | 028.5 M928g | 2A472 | 27/03/2024 | 27/03/2024 | Livros |